Which Airline Alliance? - Statistics

General Stats
  • This quiz has been taken 183 times
  • The average score is 22 of 30
Answer Stats
Hint Answer % Correct
American Airlines Oneworld
88%
British Airways Oneworld
85%
KLM SkyTeam
85%
Qatar Airways Oneworld
83%
Air Canada Star Alliance
81%
Singapore Airlines Star Alliance
81%
Qantas Oneworld
80%
Turkish Airlines Star Alliance
80%
All Nippon Airways (ANA) Star Alliance
80%
Lufthansa Star Alliance
78%
Thai Airways International Star Alliance
78%
Korean Air SkyTeam
76%
United Airlines Star Alliance
76%
Japan Airlines Oneworld
75%
Delta Air Lines SkyTeam
75%
Air India Star Alliance
71%
Cathay Pacific Oneworld
69%
Iberia Oneworld
69%
Virgin Atlantic SkyTeam
69%
Aeroméxico SkyTeam
69%
Air China Star Alliance
69%
Air France SkyTeam
68%
Scandinavian Airlines SkyTeam
68%
Finnair Oneworld
66%
China Eastern Airlines SkyTeam
66%
South African Airlines Star Alliance
63%
Avianca Star Alliance
61%
Alaska Airlines Oneworld
58%
ITA Airways SkyTeam
56%
Malaysia Airlines Oneworld
51%
No matching quizzes found
Score Distribution
Percent of People with Each Score
Percentile by Number Answered
Your Score History
You have not taken this quiz